A church training young people. (Record no. 7411)

MARC details
000 -LEADER
fixed length control field 01057cam a22002891 4500
001 - CONTROL NUMBER
control field 6597330
003 - CONTROL NUMBER IDENTIFIER
control field GBCCL
005 - DATE AND TIME OF LATEST TRANSACTION
control field 20241126110627.0
008 - FIXED-LENGTH DATA ELEMENTS--GENERAL INFORMATION
fixed length control field 790601s1966 tnu b 000 0 eng
010 ## -
-- 66013315
035 ## - SYSTEM CONTROL NUMBER
System control number (OCoLC)5024393
040 ## - CATALOGING SOURCE
Original cataloging agency DLC
Transcribing agency PPEB
Modifying agency DLC
042 ## -
-- premarc
050 00 -
-- BV1549.2
-- .C3
082 ## - DEWEY DECIMAL CLASSIFICATION NUMBER
Classification number 268.433
Item number CAR
100 1# - MAIN ENTRY--PERSONAL NAME
Personal name Carter, Carlton,
Dates associated with a name 1926-
9 (RLIN) 13103
245 12 - TITLE STATEMENT
Title A church training young people.
260 ## - PUBLICATION, DISTRIBUTION, ETC.
Place of publication, distribution, etc. Nashville,
Name of publisher, distributor, etc. Convention Press
Date of publication, distribution, etc. [1966]
300 ## - PHYSICAL DESCRIPTION
Extent x, 118 p.
Dimensions 20 cm.
500 ## - GENERAL NOTE
General note "Church study course [of the Sunday School Board of the Southern Baptist Convention] This book is number 1814 in category 18, section for adults and young people."
500 ## - GENERAL NOTE
General note "Replaces Baptist young people's union administration by Arthur Flake."
504 ## - BIBLIOGRAPHY, ETC. NOTE
Bibliography, etc. note Bibliography: p. 116-118.
650 #0 - SUBJECT ADDED ENTRY--TOPICAL TERM
Topical term or geographic name entry element Religious education of young people.
9 (RLIN) 13104
710 2# - ADDED ENTRY--CORPORATE NAME
Corporate name or jurisdiction name as entry element Southern Baptist Convention.
Subordinate unit Sunday School Board.
9 (RLIN) 6027
906 ## - LOCAL DATA ELEMENT F, LDF (RLIN)
a 7
b cbc
c oclcrpl
d u
e ncip
f 19
g y-gencatlg
942 ## - ADDED ENTRY ELEMENTS (KOHA)
Source of classification or shelving scheme Dewey Decimal Classification
Koha item type Books
Koha issues (borrowed), all copies 8
Holdings
Withdrawn status Lost status Source of classification or shelving scheme Damaged status Not for loan Home library Current Library Shelving location Date acquired Total checkouts Full call number Barcode Date last seen Date last checked out Copy number Price effective from Koha item type
    Dewey Decimal Classification     GRACE BIBLE COLLEGE GRACE BIBLE COLLEGE Ministry & Mission 2018-08-06 8 268.433 CAR 002464 2025-05-01 2023-01-20 c.1 2018-08-06 Books
© Grace Bible College Library 2025